000
00328nam a2200133 a 4500
005
20140414093844.0
008
090924s19uu xx 00 eng d
050
_a
DVD 791.43
_b
PRI 2005
100
_a
Wright, Joe
245
_a
Pride & prejudice /
_c
Joe Wright.
650
_a
Motion picture.
942
_c
AVM
999
_c
109501
_d
109501